000 00382nam a2200145Ia 4500
008 240624s9999 xx 000 0 und d
041 _aeng
082 _a330.015195 GUJ
100 _aGUJARATI DAMODAR N
245 _aBASIC ECONOMETRICS
250 _a(5th ed.)
260 _c2009
_aBoston
_bMcGraw-Hill International Edition
300 _axx, : 922 : p. : cm. ; 25
365 _c
_b30
999 _c14788
_d14788